Postgraduate physiology : recent advances

Saved in:
Bibliographic Details
Main Author: MAKYA, RK
Format: Book
Language:English
Published: CBS Publishers 2020
Tags: Add Tag
No Tags, Be the first to tag this record!

MARC

LEADER 00000nam a22000007a 4500
008 240105b |||||||| |||| 00| 0 eng d
020 |a 9789388902953 
100 |a MAKYA, RK 
245 |a Postgraduate physiology  |b : recent advances  |c RK Makya  |g viii,264p;illll 
260 |b CBS Publishers  |c 2020  |h New Delhi  |i 700373  |i 700374  |l QP31.2.M29  |m Human physiology  |m  Physiology 
500 |a it includes index 
942 |a lcc  |c BK  |e Johnson  |f 05/01/24 
952 |0 0  |1 0  |2 lcc  |4 0  |6 QP00312 M29  |7 0  |9 4760  |a SL  |b HOL  |c QZ  |d 2024-01-05  |l 0  |o QP31.2.M29  |p 2024-0014  |r 2024-01-05 00:00:00  |t 700373  |w 2024-01-05  |y BK 
952 |0 0  |1 0  |2 lcc  |4 0  |6 QP00312 M29  |7 0  |9 4761  |a HOL  |b HOL  |c QZ  |d 2024-01-05  |l 0  |o QP31.2.M29  |p 2024-0015  |r 2024-01-05 00:00:00  |t 700374  |w 2024-01-05  |y BK 
999 |c 2385  |d 2385